Introduction to food science technology and quality management (Record no. 165570)

MARC details
000 -LEADER
fixed length control field 00658nam a2200229Ia 4500
003 - CONTROL NUMBER IDENTIFIER
control field OSt
005 - DATE AND TIME OF LATEST TRANSACTION
control field 20230509110057.0
008 - FIXED-LENGTH DATA ELEMENTS--GENERAL INFORMATION
fixed length control field 210423s2010 xx 000 0 und d
020 ## - INTERNATIONAL STANDARD BOOK NUMBER
International Standard Book Number 81-272-2521-5
024 ## - OTHER STANDARD IDENTIFIER
Terms of availability AL
040 ## - CATALOGING SOURCE
Transcribing agency AL
041 ## - LANGUAGE CODE
Language code of text/sound track or separate title eng
082 ## - DEWEY DECIMAL CLASSIFICATION NUMBER
Classification number 664 BHAI
100 ## - MAIN ENTRY--PERSONAL NAME
Personal name BHATT (Devendra Kumar);TOMAR (Priyanka)
9 (RLIN) 100492
245 ## - TITLE STATEMENT
Title Introduction to food science technology and quality management
260 ## - PUBLICATION, DISTRIBUTION, ETC.
Place of publication, distribution, etc. New Delhi
Name of publisher, distributor, etc. Kalyani Publishers
Date of publication, distribution, etc. 2010
300 ## - PHYSICAL DESCRIPTION
Extent 404
Other physical details PB
365 ## - TRADE PRICE
Price amount 225
Currency code INR
650 ## - SUBJECT ADDED ENTRY--TOPICAL TERM
Topical term or geographic name entry element Food Technology
9 (RLIN) 100493
906 ## - LOCAL DATA ELEMENT F, LDF (RLIN)
a food ; Introduction ; management ; quality ; science ; technology
942 ## - ADDED ENTRY ELEMENTS (KOHA)
Source of classification or shelving scheme Dewey Decimal Classification
Koha item type Book
Holdings
Withdrawn status Lost status Damaged status Not for loan Collection code Home library Current library Date acquired Source of acquisition Cost, normal purchase price Total Checkouts Full call number Barcode Date last seen Price effective from Koha item type
        Food Science and Technology St Aloysius PG Library St Aloysius PG Library 02/25/2014 Sapna Book House 225.00   664 BHAI PG012068 08/24/2022 04/26/2021 Book